01022nam a22002895a 450000500170000000800410001702000180005802000150007604000280009108200210011910000260014024500820016625000440024826000420029230000340033450000240036850400410039265000290043365100100046265300240047265500240049670000310052070000240055194200210057599900170059695201190061320201128023606.0151008s2013 nyua frb 001 0 eng d a9781259071720 a1259071723 aEG-ScBUEbengcEG-ScBUE04a657.046bHOY2221 91432aHoyle, Joe Ben.10aAdvanced accounting /cJoe Ben Hoyle, Thomas F. Schaefer, Timothy S. Doupnik. a11th ed., McGraw-Hill international ed. aNew York :bMcGraw-Hill Irwin,c2013. axxi, 890 p. :bill. ;c30 cm. aIndex : p. 881-890. aIncludes bibliographical references. 72BUEsh99036aAccounting. 2BUEsh bBUSADMcOctober2015 vReading book9342321 aSchaefer, Thomas F. 914341 aDoupnik, Timothy S. 2ddck657.046 HOY c20894d20866 00102ddc40708BaccahaMAINbMAINc1STd2015-10-08ePurchasel0o657.046 HOYp000039872r2025-07-15 00:00:00yBB